Steps to Christ/ (Record no. 30838)
[ view plain ]
| 000 -LEADER | |
|---|---|
| fixed length control field | 00542nam a2200169 4500 |
| 008 - FIXED-LENGTH DATA ELEMENTS--GENERAL INFORMATION | |
| fixed length control field | 210108b ||||| |||| 00| 0 eng d |
| 020 ## - INTERNATIONAL STANDARD BOOK NUMBER | |
| International Standard Book Number | 9788472084070 |
| 050 ## - LIBRARY OF CONGRESS CALL NUMBER | |
| Classification number | BT 751.2 .W45 2003 |
| 100 ## - MAIN ENTRY--PERSONAL NAME | |
| Personal name | White, Ellen G. |
| 245 ## - TITLE STATEMENT | |
| Title | Steps to Christ/ |
| Statement of responsibility, etc. | Ellen G. White |
| 260 ## - PUBLICATION, DISTRIBUTION, ETC. (IMPRINT) | |
| Place of publication, distribution, etc. | Spain: |
| Name of publisher, distributor, etc. | Pacific Press Publishing Association, |
| Date of publication, distribution, etc. | 2003. |
| 300 ## - PHYSICAL DESCRIPTION | |
| Extent | 127p |
| Other physical details | col.ill. ; |
| Dimensions | 18 cm. |
| 650 ## - SUBJECT ADDED ENTRY--TOPICAL TERM | |
| Topical term or geographic name as entry element | Salvation |
| 650 ## - SUBJECT ADDED ENTRY--TOPICAL TERM | |
| Topical term or geographic name as entry element | Christian life |
| 650 ## - SUBJECT ADDED ENTRY--TOPICAL TERM | |
| Topical term or geographic name as entry element | Seventh |
| Form subdivision | Day Adventists |
| General subdivision | Doctrines |
| 942 ## - ADDED ENTRY ELEMENTS (KOHA) | |
| Source of classification or shelving scheme | |
| Koha item type | Hard Covered Materials |
| Classification part | BT 751.2 .W45 2003 |
| Withdrawn status | Lost status | Source of classification or shelving scheme | Damaged status | Not for loan | Home library | Current library | Shelving location | Date acquired | Source of acquisition | Cost, normal purchase price | Total Checkouts | Full call number | Barcode | Date last seen | Price effective from | Koha item type | Checked out | Date last checked out |
|---|---|---|---|---|---|---|---|---|---|---|---|---|---|---|---|---|---|---|
| MACHAKOS UNIVERSITY LIBRARY | MACHAKOS UNIVERSITY LIBRARY | Open shelf | 08/01/2021 | Donation - Seventh Day Adventist (SDA) | 871.00 | BT 751.2 .W45 2003 | 23453 | 22/11/2021 | 08/01/2021 | Hard Covered Materials | ||||||||
| MACHAKOS UNIVERSITY LIBRARY | MACHAKOS UNIVERSITY LIBRARY | Open shelf | 08/01/2021 | Donation - Seventh Day Adventist (SDA) | 871.00 | BT 751.2 .W45 2003 | 23454 | 08/01/2021 | 08/01/2021 | Hard Covered Materials | ||||||||
| MACHAKOS UNIVERSITY LIBRARY | MACHAKOS UNIVERSITY LIBRARY | Open shelf | 08/01/2021 | Donation - Seventh Day Adventist (SDA) | 871.00 | 1 | BT 751.2 .W45 2003 | 23455 | 06/10/2025 | 08/01/2021 | Hard Covered Materials | 22/10/2025 | 06/10/2025 | |||||
| MACHAKOS UNIVERSITY LIBRARY | MACHAKOS UNIVERSITY LIBRARY | Open shelf | 08/01/2021 | Donation - Seventh Day Adventist (SDA) | 871.00 | 1 | BT 751.2 .W45 2003 | 23456 | 03/12/2021 | 08/01/2021 | Hard Covered Materials | 23/11/2021 | ||||||
| MACHAKOS UNIVERSITY LIBRARY | MACHAKOS UNIVERSITY LIBRARY | Open shelf | 08/01/2021 | Donation - Seventh Day Adventist (SDA) | 871.00 | 2 | BT 751.2 .W45 2003 | 23457 | 03/11/2021 | 08/01/2021 | Hard Covered Materials | 03/11/2021 |